000 00458nam a2200193Ia 4500
008 170705s9999 xx 000 0 und d
020 _a9780439429351
245 _aVoyage to the volcano /
245 _cJudith Bauer Stamper.
260 _aNew York :
260 _bScholastic,
260 _c2003
300 _a87 pages :
300 _bcolor illustration ;
300 _c19cm.
440 _aThe magic school bus ;
440 _v15
500 _a620
999 _c336199
_d336199